000 00501nam a2200169Ia 4500
008 121121t2009 xxu||||| |||| 00| 0 sin d
041 _asin
080 _aX8S1
_bSEN
100 _aSenarathna .G.M
245 _aකපිල ඊ. සෙනෙවිරත්න කාව්‍යයාවලී
246 _aKapila E. Senevirathna Lavyavali
260 _bS.Godage Samagama
_aColombo 10
_c2009
300 _b368p., 22 cm
942 _cBK
999 _c74810
_d74810
003 LK-CoDNM
040 _aLK-CoDNM
_dLK-CoDNM
_eLK-CoDNM